1414 1488 1101 1158 1601 1317 1256 1833 1862 1483 1882 1927 1873 1065 1721 1478 1328 1927 1837 1307 1419 1989 1878 1281 1584 1447 1074 1867 1853 1515 1640 1708 1960 1397 1720 1234 1330 1814 1043 1947 1859 1093 1767 1881 1893 1193 1389 1500 1535 1145 1602 1393 1601 1138 1301 1272 1478 1092 1326 1866 1369 1751 1959 1107 1147 1748 1631 1680 1346 1877 1904 1807 1515 1628 1873 1059 1551 2000 1060 1002 1359 1956 1890 1222 1454 1884 1248 1740 1590 1605 1861 1703 1474 1921 1809 1741 1673 1158 1332 BCNSPRNW ULIB Ver.6.0+V

เปลี่ยนเป็นภาษาไทย

Change to English
 แสดงรายละเอียดบรรณานุกรม
  กลับหน้าหลัก

Brief Record : Get Marc (ISO 2709) : E-mail record : QR code < ปิดหน้าต่าง
LEADER : 00000nam 2200000uu 4500
001    13399127500
003     ULIB
008    020711s2562 th a 000 0 tha d
020    ^a9786160038190
050  0 ^aนว^bธ739ห
100    ^aธุวัฒธรรพ์
245    ^aหนึ่งถ้อยร้อยรัก
250    ^aพิมพ์ครั้งที่ 1
260    ^aกรุงเทพฯ :^bพิมพ์คำ,^c2562
300    ^a303 หน้า;^b26 ซม.
650    ^aนวนิยาย
945    ^p210^l0^i007102
999    ^aอังศุธร กาญจนาโรจน์พันธ์
รายการนี้ยังไม่มีแท็ก
คุณยังไม่ได้ล็อกอิน คุณสามารถมีกิจกรรมร่วมกับเว็บไซต์ได้ แต่ต้องล็อกอินก่อน ::
  ล็อกอิน

รายการสื่อสารสนเทศ

ลำดับที่ ประเภท เลขเรียก/บาร์โค้ด สถานที่ สถานะ
1. นวนิยาย
นวนิยาย
นว ธ739ห ฉ.1 
  Barcode: 007102
ห้องสมุดวิทยาเขตสวรรค์ประชารักษ์
►หนังสือทั่วไป
บนชั้น

รายการใกล้เคียง
    ชื่อเรื่อง [หนึ่งถ้อยร้อยรัก]

    ผู้แต่ง [ธุวัฒธรรพ์]

    หัวเรื่อง [นวนิยาย]

BibComment


ยังไม่เคยถูกคอมเมนท์

คอมเมนท์ทรัพยากรรายการนี้
  คอมเมนท์: หนึ่งถ้อยร้อยรัก


 Copyright 2026. Bcnsprnw @Library